000 00863nam a22002417a 4500
999 _c16953
_d16953
003 AR-CdUCM
008 190506b ||||| |||| 00| 0 spa d
040 _aMUNICIPALIDAD PROVINCIAL DEL CUSCO
_cBIBLIOTECA MUNICIPAL DEL CUSCO
082 _a615 /
_bW57
100 _aWilliams, Beryl
_936720
245 _aMicrobios que curan :
_b(la historia de los antibióticos)
260 _aArgentina :
_bPlaza & Janes
_c1965.
300 _a173 paginas ;
_bIlustraciones,
_c18 cm.
500 _aTitulo original : Medicine from microbes, the story of antibiotics
505 _aContenido : Historia de los antibióticos
650 _aMicrobios
_936721
650 _aAntibióticos
_936722
650 _aMedicina que cura
_936723
700 _aBarberá, Manuel (Traducción)
_927355
700 _aSamuel, Epstein
_936724
942 _2ddc
_cLIBROS
945 _awnts
_d2019-05-6